Το ελληνικό παιχνίδι : διαδρομές στην ιστορία του
Αποθηκεύτηκε σε:
| Άλλοι συγγραφείς: | , |
|---|---|
| Μορφή: | Βιβλίο |
| Γλώσσα: | Greek |
| Δημοσίευση: |
Αθήνα :
Μορφωτικό Ίδρυμα Εθνικής Τραπέζης : Ελληνικό Λογοτεχνικό και Ιστορικό Αρχείο,
c2008.
|
| Θέματα: | |
| Ετικέτες: |
Προσθήκη ετικέτας
Δεν υπάρχουν, Καταχωρήστε ετικέτα πρώτοι!
|
MARC
| LEADER | 00000cam a2200000 i 4500 | ||
|---|---|---|---|
| 001 | 1/3238 | ||
| 008 | 100115s2008 gr | ||| |||| ||gre|| | ||
| 020 | |a 9789602504055 | ||
| 035 | |l 10106305 | ||
| 040 | |a GR-MyUa |b gre |e AACR2 | ||
| 041 | 0 | |a gre | |
| 082 | 7 | |a 688.7209 |2 (22) | |
| 082 | 7 | |a 688.7209495 |2 (23) | |
| 245 | 0 | 3 | |a Το ελληνικό παιχνίδι : |b διαδρομές στην ιστορία του / |c επιμέλεια Κλειώ Γκουγκούλη, Δέσποινα Καρακατσάνη. |
| 260 | |a Αθήνα : |b Μορφωτικό Ίδρυμα Εθνικής Τραπέζης : |b Ελληνικό Λογοτεχνικό και Ιστορικό Αρχείο, |c c2008. | ||
| 300 | |a 357 σ. : |b εικ. (μερ. έγχρ.) ; |c 31 εκ. | ||
| 500 | |a Το παράρτημα Σύρου έχει την Α' ανατύπωση του 2015. | ||
| 504 | |a Περιέχει βιβλιογραφικές παραπομπές | ||
| 650 | 0 | 0 | |a Toys |z Greece |x History. |
| 650 | 0 | 0 | |a Toy industry |z Greece |x History. |
| 700 | 1 | |a Γκουγκούλη, Κλειώ, |e edtf | |
| 700 | 1 | |a Καρακατσάνη, Δέσποινα, |e edtf | |
| 852 | |a INST |b LESVOS |e 20100115 |h 688.7209 ΕΛΛ |p 005100045848 |q 005100045848 |t BK |y 0 | ||
| 852 | |a INST |b SYROS |c EUDOXUS |e 20160415 |h 688.7209495 ΕΛΛ |p 005500011666 |q 005500011666 |t EDX |y 0 | ||
| 901 | |a BIBL1-2010-1 | ||
| 920 | |a Εύδοξος |b Παραγγελία |y Σύρος-ΤΜΣΠΣ |z 2016-04 | ||
| 970 | |a Γιαλαμά |b Μαρία |z 15/01/2010 | ||